| 000 | 00494nam a22001577a 4500 | ||
|---|---|---|---|
| 003 | OSt | ||
| 005 | 20151118164045.0 | ||
| 008 | 151118b xxu||||| |||| 00| 0 eng d | ||
| 040 | _cRUA | ||
| 082 | _aFIS មាញ 1994 B156 Or.1 | ||
| 100 |
_93899 _aមាញ ពៅ |
||
| 245 | _aការធ្វើនេសាទគ្រួសារនៅស្រុកពញាឭ ខេត្តកណ្ដាល | ||
| 260 |
_aPhnom Penh _bRUA _c1994 |
||
| 300 |
_a117p. _bill. _c29cm. |
||
| 942 |
_2ddc _cFIS |
||
| 999 |
_c3624 _d3624 |
||